Biblioteca

Diccionario del hebreo y arameo bíblicos (Registro nro. 31898)

Detalles MARC
000 -LÍDER
Campo fijo de descripción fija 01165aam a2200325 i 4500
001 - NÚMERO DE CONTROL
Campo de control 768714001
003 - IDENTIFICADOR DEL NÚMERO DE CONTROL
Campo de control CO-MdFUSB
005 - FECHA Y HORA DE LA ULTIMA TRANSACCIÓN
control field 20210716130033.0
007 - CAMPO FIJO DE DESCRIPCIÓN FIJA--INFORMACIÓN GENERAL
Campo fijo de descripción fija ta
008 - ELEMENTOS DE LONGITUD FIJA -- INFORMACIÓN GENERAL
Campo fijo de descripción fija -- Información general 160824t1982 enk |||| |||| 00| 0 spa d
020 ## - NÚMERO INTERNACIONAL NORMALIZADO PARA LIBROS
Número Internacional Normalizado del libro [No incluye ISBN]
040 ## - FUENTE DE CATALOGACIÓN
Agencia que realiza la transcripción CO-MdFUSB
Idioma de catalogación spa.
Agencia de catalogación original CO-MdFUSB
Agencia que realiza la modificación CO-MdFUSBC
Convenciones de la descripción rda
041 ## - CÓDIGO DE IDIOMA
Código de idioma para texto/pista de sonido o título separado spa
Código de idioma original ger
082 04 - NÚMERO DE CLASIFICACIÓN DECIMAL DEWEY
Número de clasificación 492.3
Número de la edición del Dewey 23
Clave de autor-Numero de item F657d
110 ## - ASIENTO PRINCIPAL--NOMBRE CORPORATIVO
Nombre corporativo o de jurisdicción como elemento de entrada Instituto Superior Evangélico de Estudios Teológicos,
240 ## - TITULO UNIFORME
Título uniforme <a href="Hebraisches und aramaisches worterbuch zum Alten Testament">Hebraisches und aramaisches worterbuch zum Alten Testament</a>
245 10 - TÍTULO
Título del Material Diccionario del hebreo y arameo bíblicos
Mención de responsabilidad, etc. / Georg Fohrer ; editado por el Instituto Superior Evangélico de Estudios Teológicos ; traducido por René Krüger
264 #1 - PRODUCCIÓN, PUBLICACIÓN, DISTRIBUCIÓN, MANUFACTURA, Y COPYRIGHT
Lugar de producción, publicación, distribución, manufactura Buenos Aires, Argentina :
Nombre del productor, publicador, distribuidor La Aurora,
Fecha de producción, publicación, distribución, manufactura, o copyright [1982]
264 #4 - PRODUCCIÓN, PUBLICACIÓN, DISTRIBUCIÓN, MANUFACTURA, Y COPYRIGHT
Fecha de producción, publicación, distribución, manufactura, o copyright © 1982
300 ## - DESCRIPCIÓN FÍSICA
Extensión 345 Páginas
Dimensiones ; 23 cm
336 ## - TIPO DE CONTENIDO
Fuente rdacontent
Término de tipo de contenido sonidos
Código de tipo de contenido txt
337 ## - TIPO DE MEDIO
Fuente rdamedia
Nombre del tipo de medio sin mediación
Código del tipo de medio n
338 ## - TIPO DE SOPORTE
Fuente rdacarrier
Nombre del tipo de soporte volumen
Código Tipo de soporte nc
563 ## - NOTA DE ENCUADERNACIÓN
Nota de encuadernación Rústico
650 14 - ASIENTO SECUNDARIO DE MATERIA - TERMINO TEMÁTICO
Término temático o nombre geográfico como elemento de entrada HEBREO - ARAMEO - DICCIONARIO - ESPAÑOL
700 1# - ASIENTO SECUNDARIO - NOMBRE PERSONAL
9 (RLIN) 1041
Nombre personal Krüger, René
Fechas asociadas con el nombre 1950-
Responsabilidad traductor
942 ## - TIPO DE MATERIAL (KOHA)
Tipo de Item KOHA Libros General
945 ## - INFORMACIÓN LOCAL DEL REGISTRO
Catalogador JTF-925
Existencias
Estado de Material Estado de Perdido Forma de Clasificación Estado de Dañado No para Préstamo Colección Tomo Biblioteca de Origen Biblioteca Permanente Fecha de Adquisición Total de Préstamos Signatura Topográfica Código de Barras Última vez visto Ejemplar/Existencia Fecha de Remplazo Tipo de Material Área
    Dewey Decimal Classification     Colección de Referencia   Biblioteca FUSBC Biblioteca FUSBC 13/09/2004   R 492.3 F657d 8717 27/05/2023 Ej. 1 26/01/2016 Libros de Referencia  
    Dewey Decimal Classification     Colección de Referencia   Biblioteca FUSBC Biblioteca FUSBC 14/07/2021   R 492.3 F657d 21477 04/08/2022 Ej. 2 26/01/2016 Libros de Referencia BIBLIA

Biblioteca FUSBC | Teléfono: (57+4) 349 88 10 Ext. 141| WhatsApp (+57) 3005338115 
E-mail: biblioteca@unisbc.edu.co | Calle 76 87-14 Robledo Palenque, Medellín, Colombia

Con tecnología Koha